MDQL
is popping MORE tags! Check the
thread
!
Quizzes
Events
Quiz Creation
Community
Videos
Private Events
Remove Ads
Sign In
Join for FREE
Feedback
Dark Mode
Quiz Categories
Sports
Geography
Music
Movies
Television
Just For Fun
Miscellaneous
History
Literature
Language
Science
Gaming
Entertainment
Religion
Holiday
For Kids
Quiz Lab
Recent
Popular Today
Quiz Kudos Today
Editor Picks
Curator Picks
Quizzes by...
Day
Popularity
Type
Ratings
Length
Year
Community
Subscriptions
Recent Discussions
Orange Saloon
Badges
Playlists
Quests
Create
Leaderboards
Showdown
Live 5
Trivia Bingo
Activity
Puzzle Library
Sporcle Events
Private Events
Virtual Trivia
Globe League
Become a Host
Pub Owners
SporcleCon
Opinionation
Our Games
Videos
Blog
Mobile Apps
Partnerships
Remove Ads and Go Orange
Feedback
Music
Pop Music
The Beatles
Song
Album
Lyrics
Bands
Singers
Artist
Clip
Rock
Rap
Classical
Billboard
Country Music
Kpop
Taylor Swift
Music
Pop Music
The Beatles
Song
Album
Lyrics
Bands
Singers
Artist
Clip
Rock
Rap
Classical
Billboard
Country Music
Kpop
Taylor Swift
Random Quiz
Search Sporcle
×
Quiz Lab
Quiz Lab
Music
Remix
Type in answers that appear in a list
Type in answers that appear in a list
Classic
Best Score? Go Orange.
Turn My Swag On Remix Lyrics Stats
Can you name the Turn My Swag On Remix Lyrics?
By
turnmyswagon
15m
37 Questions
2 Plays
2 Plays
2 Plays
Comments
Comments
Give Quiz Kudos
Give Quiz Kudos
-
- Ratings
hide this ad
More Info
Replay
Link that replays current quiz
Next Quiz
Link to next quiz in quiz playlist
You Got
0%
They Got
Avg Score
35%
Avg Friend Score
Upgrade to see
Score Distribution
Jump to the score distribution portion of the page
Score
0/37
Timer
15:00
0
Plays Today
2nd lryic
% Correct
i call it my strawberry
100%
give a dog a bone
100%
give the king his throne
100%
give a dog a bone
100%
give the king his throne
100%
like a Louis V chamillion
100%
baby
100%
baby
100%
boy
100%
da game
50%
plasma,lava,magma
50%
this is the remix
50%
i got guns hanging from the ceiling
50%
im a porshabox
50%
planet
50%
turn my swag on
50%
in da mirror
50%
everyday its gettin ma arms swole
0%
similar to a wormhole
0%
2nd lryic
% Correct
marbury
0%
dis is ma playground
0%
but dey ridin da greyhound
0%
my lambo got surround sound
0%
walkin to da dealership
0%
to my collection of pink ships
0%
i divorced da top
0%
im in the bathroom takin me a rich **** ****
0%
swagga unofficial
0%
justa maggot on a tissue
0%
than da arizona missile
0%
like a napkin on a nickel
0%
wassup wassup
0%
weezy baby
0%
and i never leave
0%
throw away dat visa baby
0%
at home
0%
im gettin money
0%
Quiz Playlist
Details
Report
Send in Message
Add To Playlist
More Info:
This is the lyrics of soulja boy and lil wayne in the remix of turn my swag on
Classic:
Type in answers that appear in a list
Last Updated: Feb 16, 2017
Quiz Scoreboard
CHALLENGE
Sign Up to Join the Scoreboard
Show All
Scores
Hide
Comments
May contain spoilers
Recently Published
Two Season TV Shows II
by 123Four
Television
10m
Image Sorting: Flags VI
by Barbecue
Geography
2m
Find the 'City' Movie
by crazypaving
Movies
60s
More to Explore
Quiz From the Vault
Featured Blog Post
14 Easter Pick-up Lines to Find Eggs With
hide this ad
You Might Also Like...
Tags
Remix
Turn
Today's Top Quizzes in Music
Browse Music
hide this ad
Top Contributed Quizzes in Music
1
5X2 Blitz: Bands II
2
5X2 Blitz: The Beatles
3
Taylor Swift All Songs (2024)
4
5X2 Blitz: Billboard
5
5X2 Blitz: Billboard II
6
5X2 Blitz: Album
7
5X2 Blitz: Rock
8
5X2 Blitz: Singers
9
Music Artist by Three 2010s hits
10
5X2 Blitz: Lyrics
Explore More
Trending Topics
Kpop
NBA
Disney
Crossword
Anime
Marvel
Harry Potter
WWE
Song
Pokémon
Soccer
Country
Puzzle
The Office
NFL
hide this ad
More By:
turnmyswagon
Quiz
Plays
Rating
Category
Featured
Created
Lil' Wayne Songs On Carter 3
68
Music
Apr 19, 2011
Sean Kingston's Tomorrow Album Songs
23
5.00
Music
Apr 16, 2011
Turn My Swag On Remix Lyrics
2
Music
Apr 16, 2011
Go to Creator's Profile
Score Distribution
Quiz Creator Spotlight
turnmyswagon
Follow
Send a Message
Quizzes Created
-
Created Quiz Play Count
-
More By This Creator
Popular Quizzes Today
1
Find the US States - No Outlines Minefield
2
Colored Red Africa Blitz
3
Find the 'City' Movie
4
5x2 Blitz: Bands
5
The Countries of the World
6
Find the Countries of Europe - No Outlines Minefield
7
Find the US States
8
US States
More Music Quizzes
Paint By Ladder: Prince
Editor's Pick
Trending Quizzes
Colored Red Europe Blitz I
Colored Red Africa Blitz II
Colored Red Europe Blitz II
Colored Red Africa Blitz III
Colored Red Europe Blitz III
Recently Updated
How Do You Spell That?
pecheneg
Godzilla Movies
pecheneg
Grab Bag: 4-10 Letters
pecheneg
2024 March Madness Bracket
pecheneg
Famous TV Couples
Peacemaker
Champions League XIs: Real Madrid
pecheneg
Largest US Cities 1790-2010
pecheneg
Rides in Walt Disney World
pecheneg
Most Oscar Losses (Acting)
pecheneg
Beyoncé Albums
pecheneg
Trending Topics
Harry Potter
Disney
Crossword
Anime
Marvel
NBA
Kpop
Puzzle
Soccer
NFL
Country
Song
WWE
Pokémon
The Office
Your Account Isn't Verified!
In order to create a playlist on Sporcle, you need to verify the email address you used during registration. Go to your
Sporcle Settings
to finish the process.
Report this User
Report this user for behavior that violates our
Community Guidelines
.
Details:
Send Report
Go to the Sporcle.com Mobile Site →
Comments